| 000 | 00791nam a22002657a 4500 | ||
|---|---|---|---|
| 001 | BR6005618 | ||
| 003 | BR-BrBNA | ||
| 005 | 20230928095836.0 | ||
| 007 | ta | ||
| 008 | 230509b bl.||||| |||| 00| 0 por d | ||
| 040 |
_aBR-BrBNA _bpor _cBiblioteca Nacional de Agricultura |
||
| 041 | _a(Por) | ||
| 072 | _aE10 | ||
| 090 | _ E10 BR6005618 | ||
| 110 | 1 |
_aDiretoria Estadual do Ministerio da Agricultura no Ceara, Fortaleza (Brasil) _93441 |
|
| 245 | 1 | _aPlano de emergencia aos agropecuaristas atingidos pela seca no Ceara. Revenda de material agropecuario | |
| 260 | 3 |
_aFortaleza, CE (Brasil): _c1970. |
|
| 300 | _a9 p. | ||
| 650 | _aPolitica Social | ||
| 650 | _aPolitica Economica | ||
| 650 | _aSeca | ||
| 650 | _aCeara | ||
| 909 |
_a202309 _bLucia _c55 _dLucia Elande |
||
| 942 | _cBK | ||
| 999 |
_c58969 _d58969 |
||